000 01183nac a22003491u 4500
003 EG-ScBUE
005 20221207105042.0
008 221207t2007 gw a f 000 0 eng d
020 _a9783822842171 (pbk.) :
020 _a9783822842171
040 _aEG-ScBUE
_beng
_erda
_cEG-ScBUE
_dEG-ScBUE
041 0 _aeng
_ager
_afre
082 0 4 _a725.0905122
_bSPE
_222
245 0 0 _aSpectacular buildings = Edifices spectaculaires = Spektakuläre gebäude /
_ceditor Simone Schleifer.
246 3 1 _aEdifices spectaculaires
246 3 1 _aSpektakuläre gebäude
264 1 _aKöln ;
_aLondon :
_bEvergreen,
_c[2007]
264 4 _cc2007
300 _a378 pages :
_bcolor illustrations ;
_c25 cm
336 _2rdacontent
_atext
_btxt
337 _2rdamedia
_aunmediated
_bn
338 _2rdacarrier
_avolume
_bnc
546 _aText in English, German and French.
650 7 _aArchitecture, Modern
_y21st century.
_2BUEsh
650 7 _aVisionary architecture.
_2BUEsh
650 7 _aPublic buildings.
_2BUEsh
650 7 _aCommercial buildings
_xDesign and construction.
_2BUEsh
653 _bENGARC
655 _vReading book
700 1 _aSchleifer, Simone,
_eeditor.
942 _cBB
_2ddc
999 _c9114
_d9114